Statistics for Presidents of Turkey

Click here to take the quiz!

General Stats

  • This quiz has been taken 60 times
  • The average score is 9 of 12

Answer Stats

Answer% Correct
Mustafa Kemal Ataturk
100%
Recep Tayyip Erdoğan
98%
İsmet İnönü
91%
Abdullah Gül
89%
Celal Bayar
73%
Süleyman Demirel
73%
Turgut Özal
70%
Kenan Evren
64%
Ahmet Necdet Sezer
61%
Fahri Korutürk
54%
Cemal Gürsel
46%
Cevdet Sunay
43%

Score Distribution

Percentile by Number Answered

Percent of People with Each Score

Your Score History

You have not taken this quiz